| 000 | 00458nam a22001811a 4500 | ||
|---|---|---|---|
| 001 | 4934 | ||
| 003 | OSt | ||
| 005 | 20260204211954.0 | ||
| 008 | 051010s2000||||sp ||||||b||||||||||spa|| | ||
| 020 | _a8478842128 | ||
| 050 | _aRD 808.831 C894d | ||
| 245 | _aCuentos Dominicanos / Jeannette Miller | ||
| 264 | _aEspaña: Editorial Popular | ||
| 300 | _a108 p | ||
| 650 | _a1.Cuentos - República Dominicana | ||
| 700 | _aMiller, JeannetteÌ | ||
| 942 |
_2ddc _cBK |
||
| 999 |
_c4934 _d4934 |
||